Land vs. Land #93 - Statistiken

Allgemein
  • Dieses Quiz wurde 13 mal gespielt
  • Das Durchschnittsergebnis liegt bei 14 aus 14
Antwortstatistiken
Frage Antwort % Korrekt
...Fläche? Schweden🇸🇪
100%
...Bruttoinlandsprodukt? Schweden🇸🇪
100%
...Bruttoinlandsprodukt pro Kopf? Schweden🇸🇪
100%
...Tourismus? Schweden🇸🇪
100%
...HDI (Human Development Index)? Schweden🇸🇪
100%
...Gesundheitswesen? Schweden🇸🇪
100%
...Frieden? Schweden🇸🇪
100%
...Lebenserwartung? Schweden🇸🇪
100%
...durchschnittlicher IQ? Schweden🇸🇪
100%
...Gewinner? Schweden🇸🇪
100%
...Einwohner? Schweden🇸🇪
92%
...Militär? Schweden🇸🇪
92%
...Exportmengen? Schweden🇸🇪
92%
...Happy Planet Index? Schweden🇸🇪
85%
Keine übereinstimmenden Quizze gefunden
Verteilung der Resultate
Anzahl Personen mit jedem Resultat
Perzentil nach korrekt beantworteten Fragen
Ihre Resultats-Entwicklung
Sie haben dieses Quiz noch nicht gespielt